| 000 | 00669nam a2200205Ii 4500 | ||
|---|---|---|---|
| 003 | JO-AjNU | ||
| 008 | 230605s9999||||xx |||||||||||||| ||und|| | ||
| 017 | _a2009/3/801 | ||
| 040 |
_aJO-AjNU _bara _erda _cJO-AjNU |
||
| 041 | _aara | ||
| 050 | 1 | 4 | _aPT2603.O725.D712 2009 |
| 100 | 3 |
_aترجمة عودة، علي , _eauthor _949008 |
|
| 245 | 0 | 0 | _aالملوك الغامضون الثلاثة قصص المانية مترجمة |
| 264 | 3 | 1 | _aعمان: وزارة الثقافة ،2007 |
| 300 | _a126ص | ||
| 336 |
_atext _btxt _2rdacontent |
||
| 337 |
_aunmediated _bn _2rdamedia |
||
| 338 |
_avolume _bnc _2rdacarrier |
||
| 650 | 4 |
_aقصص المانية _949009 |
|
| 999 |
_aA21499 _c25067 _d25067 |
||